00436 2200145 4500001002100000008004100021035002000062245003900082100001700121260002500138300001400163082001000177650009000187990001300277INLIS000000000000542 ind  a0010-0322000542 aHARIMAU BERGURAU PADA KUCINGcIKHA aRAHIMSYAH AR aSURABAYAbSERBA JAYA ahlm.ccm. a398.2 aFOLK LITERATURE, FAIRY TALES, MYTH, MYTHOLOGY/CERITA RAKYAT, DONGENG, MITOS, MITOLOGI a102693-1